Obras I (clásicos castellanos)

Saved in:
Bibliographic Details
Main Author: Molina, Tirso de
Format: Book
Language:Undetermined
Published: Madrid, España La Lectura 1910
Subjects:
Tags: Add Tag
No Tags, Be the first to tag this record!

MARC

LEADER 00000nam a2200000Ia 4500
008 170316s9999 xx 000 0 und d
040 |a cru BVZT 
090 |a 862 M-45o v.1 
100 |a Molina, Tirso de 
245 |a Obras I (clásicos castellanos) 
260 |a Madrid, España 
260 |b La Lectura 
260 |c 1910 
300 |a 292 páginas 
650 |a LITERATURA ESPAÑOLA 
650 |a EL VERGONZOSO EN PALACIO 
650 |a EL BURLADOR DE SEVILLA 
942 |c 4 D 
999 |c 10178  |d 10178